000
00305nam a2200121Ia 4500
008
241002s9999 xx 000 0 und d
082
_a
380.1 JOH
100
_a
Johson, Harry G.
245
0
_a
New Trade Strategy For The World Economy
260
_a
London:
_c
1969
600
_a
Social Sciences
942
_c
UC
999
_c
18505
_d
18505